| 000 | 00000nam##2200000za#4500 |
| 001 | 9.571328 |
| 003 | CaOODSP |
| 005 | 20210624182654 |
| 007 | cr ||||||||||| |
| 008 | 150406|1998||||xxc|||||o f|0| 0 eng|d |
| 040 | |aCaOODSP|beng |
| 043 | |an-cn--- |
| 086 | 1 |aTU3-5/98-39E-PDF |
| 110 | 2 |aTransportation Safety Board of Canada. |
| 245 | 10|aLoss of separation between Air Canada Boeing 747-238 C-GAGC and Air Canada Boeing 747-400 C-GAGM 55° North Latitude and 10° West Longitude, 27 September 1998 |h[electronic resource] |
| 260 | |aGatineau - Quebec : |bTransportation Safety Board of Canada |c[1999]. |
| 300 | |a6p. |
| 490 | 1 |aAviation investigation report |vA98W0216 |
| 500 | |a"The Board ... authorized the release of this report on 24 November 1999."--p.6 of 6. |
| 590 | |a12-18-Supp|b2012-04-25 |
| 775 | 08|tPerte d'espacement entre le Boeing 747-238 d'Air Canada C-GAGC et le Boeing 747-400 d'Air Canada C-GAGM par 55° Nord de latitude et 10° Ouest de longitude, 27 septembre 1998 |w(CaOODSP)9.601942 |
| 830 | #0|aAviation investigation report ;|vA98W0216|w(CaOODSP)9.504825 |
| 856 | 40|ahttp://publications.gc.ca|qPDF|s75 KB|uhttps://publications.gc.ca/collections/collection_2011/bst-tsb/TU3-5-98-39-eng.pdf|yA98W0216 |